Biện pháp quản lý hoạt động đào tạo tại Học viện Chính trị - Hành chính khu vực III theo định hướng đảm bảo chất lượng

Cơ sở lý luận về quản lý hoạt động đào tạo của các học viện chính trị - hành chính. Thực trạng công tác quản lý hoạt động đào tạo tại Học viện Chính trị - Hành chính khu vực III. Biện pháp quản lý hoạt động đào tạo tại Học viện Chính trị - Hành chính khu vực III theo định hướng đảm bảo chất lượng....

Descripción completa

Guardado en:
Detalles Bibliográficos
Autor principal: Trương Phúc Nguyên
Otros Autores: Trần Văn Hiếu T.S (Hướng dẫn)
Formato: Libro
Lenguaje:Vietnamese
Publicado: Đà Nẵng Đại học Đà Nẵng 2014
Materias:
Etiquetas: Agregar Etiqueta
Sin Etiquetas, Sea el primero en etiquetar este registro!
Thư viện lưu trữ: Mạng thư viện Đại học Đà Nẵng
LEADER 01890nam a2200337 4500
001 000020051
003 16492
005 20150312150333.0
008 150105s2014 viesd
041 |a vie 
082 1 4 |a 378.12  |b TR-N 
100 1 |a Trương Phúc Nguyên 
245 1 |a Biện pháp quản lý hoạt động đào tạo tại Học viện Chính trị - Hành chính khu vực III theo định hướng đảm bảo chất lượng  |c Trương Phúc Nguyên ; Trần Văn Hiếu hướng dẫn.  |k Luận văn Thạc sĩ 
260 |a Đà Nẵng  |b Đại học Đà Nẵng  |c 2014 
300 |a 100 tr., phụ lục 7 tr.  |c 29 cm.  |e Tóm tắt 
500 |a Luận văn thạc sĩ Khoa học. Chuyên ngành: Quản lý giáo dục. Mã số: 60.14.05 
520 3 |a Cơ sở lý luận về quản lý hoạt động đào tạo của các học viện chính trị - hành chính. Thực trạng công tác quản lý hoạt động đào tạo tại Học viện Chính trị - Hành chính khu vực III. Biện pháp quản lý hoạt động đào tạo tại Học viện Chính trị - Hành chính khu vực III theo định hướng đảm bảo chất lượng. 
650 0 4 |a Quản lý giáo dục  |v Luận văn tốt nghiệp  |x Đảm bảo chất lượng 
653 |a Quản lý giáo dục 
653 |a Đảm bảo chất lượng 
700 1 |a Trần Văn Hiếu  |c T.S  |e Hướng dẫn 
OWN |a LSP 
AVA |a UDN50  |b LSP  |d 378.12 TR-N  |e available  |t Error 5001 Not defined in file expand_doc_bib_avail.  |f 1  |g 0  |h N  |i 0  |k 1 
999 |a From the UDN01 
AVA |a UDN50  |b LSP  |d 378.12 TR-N  |e available  |t Error 5001 Not defined in file expand_doc_bib_avail.  |f 1  |g 0  |h N  |i 0  |k 1 
TYP |a Monograph 
TYP |a Printed language 
980 |a Mạng thư viện Đại học Đà Nẵng